01598nab a22002177a 4500999001500000003000400015005001700019008004100036040000700077100004000084245010000124300001500224505084400239505007201083650002801155650001901183650002801202650003301230773010401263942001301367 c5831d5831OSt20260107125027.0190514b xxu||||| |||| 00| 0 spa d cPJ 94481aPérez Gallardo, Leonardo B.13aEl derecho de alimentos a favor de la pareja de hecho afectiva /cLeonardo B. Pérez Gallardo. ap. 156-177 aSumario: I. Unas breves pinceladas históricas: de la equiparación matrimonial al reconocimiento judicial de la unión matrimonial no formalizada, realidades y mitos.— II. Matrimonio y unión de hecho afectiva, dos modos de constituir familia y un mismo efecto: el derecho de alimentos.— III. De la obligación de alimentos a favor del miembro de la pareja en situación de vulnerabilidad.— IV. De los alimentos a favor de los miembros de la pareja de hecho afectiva durante la existencia de esta.— V. Peculiaridades de los alimentos posruptura de la unión afectiva.— VI. Presupuestos para su exigibilidad.— VII. De la instrumentación notarial del pacto sobre alimentos posunión de hecho afectiva y del cauce procesal para su reclamación en sede judicial.— VIII. Causas de cesación.— IX. A modo conclusivo. tSi te interesa el texto, comunicate a koha@justierradelfuego.gov.ar 09967aDERECHO DE FAMILIA 09968aALIMENTOS 094099aCUOTA ALIMENTARIA 091074aOBLIGACION ALIMENTARIA0 0284493222dBuenos Aires : AbeledoPerrot, 1989-tDerecho de familia. N° 118 - Marzo 2025z18511201 2udccANA